000 00313nam a22001457a 4500
008 221121b ||||| |||| 00| 0 eng d
020 _a3764330341
041 _aeng
080 _a159.9
082 _a159.9RUC
100 _a25
101 _aPSI
245 _aINFINITY AND THE MIND
_cRUCKER R
942 _2udc
_cBK
999 _c58975
_d58975